Statistics for Queen - Bohemian Rhapsody

Click here to take the quiz!

General Stats

  • This quiz has been taken 35 times
  • The average score is 213 of 375

Answer Stats

rowcolAnswer% Correct
00Is
100%
03real
100%
02the
100%
01this
100%
08fantasy?
95%
05Is
95%
07just
95%
04life?
95%
06this
95%
12a
90%
10Caught
90%
15escape
90%
16from
90%
11in
90%
14no
90%
17reality
90%
13landslide,
85%
32a
80%
28and
80%
34boy,
80%
22eyes,
80%
35I
80%
30I'm
80%
31just
80%
23look
80%
36need
80%
37no
80%
20Open
80%
33poor
80%
29see
80%
27skies
80%
26the
80%
25to
80%
24up
80%
21your
80%
81a
70%
73a
70%
83against
70%
50Any
70%
40Because
70%
94begun
70%
54blows
70%
43come,
70%
811dead
70%
55doesn't
70%
42easy
70%
44easy
70%
45go,
70%
82gun
70%
92had
70%
85head,
70%
810he's
70%
47high,
70%
84his
70%
41I'm
70%
71just
70%
93just
70%
72killed
70%
91life
70%
48little
70%
46little
70%
49low
70%
110Mama,
70%
90Mama,
70%
70Mama,
70%
74man
70%
57matter
70%
511me
70%
59me,
70%
89now
70%
111ooh,
70%
86pulled
70%
80Put
70%
56really
70%
38sympathy
70%
52the
70%
510to
70%
58to
70%
88trigger,
70%
51way
70%
53wind
70%
124again
65%
107all
65%
108away
65%
123back
65%
100But
65%
130Carry
65%
132carry
65%
117cry
65%
112didn't
65%
201don't
65%
210I
65%
200I
65%
135if
65%
120If
65%
121I'm
65%
106it
65%
115make
65%
113mean
65%
87my
65%
122not
65%
101now
65%
133on
65%
131on,
65%
125this
65%
126time
65%
114to
65%
127tomorrow
65%
202wanna
65%
116you
65%
166aching
60%
218all
60%
183all
60%
167all
60%
185and
60%
104and
60%
134as
60%
217at
60%
215been
60%
184behind
60%
165body's
60%
216born
60%
155come
60%
203die
60%
162down
60%
171everybody,
60%
186face
60%
175go
60%
103gone
60%
170Goodbye,
60%
173got
60%
180Gotta
60%
154has
60%
230I
60%
213I'd
60%
102I've
60%
172I've
60%
151late,
60%
181leave
60%
190Mama,
60%
138matters
60%
152my
60%
163my
60%
214never
60%
136nothing
60%
191ooh
60%
137really
60%
160Sends
60%
161shivers
60%
211sometimes
60%
164spine,
60%
168the
60%
187the
60%
105thrown
60%
153time
60%
169time
60%
174to
60%
150Too
60%
188truth
60%
212wish
60%
236a
55%
232a
55%
244do
55%
265Figaro
55%
255frightening
55%
261Galileo,
55%
262(Galileo)
55%
263Galileo,
55%
264Galileo
55%
260(Galileo)
55%
252lightning,
55%
233little
55%
266magnifico
55%
237man
55%
256me
55%
235of
55%
231see
55%
245the
55%
254very
55%
253very,
55%
242will
55%
243you
55%
182you
55%
273a
50%
286a
50%
282a
50%
417and
50%
251and
50%
427and
50%
192(Any
50%
510Any
50%
431baby,
50%
333Bismillah!
50%
323Bismillah!
50%
514blows
50%
196blows)
50%
284boy
50%
275boy,
50%
424can
50%
414can
50%
4211die?
50%
4111eye?
50%
288family
50%
246Fandango?
50%
285from
50%
294from
50%
446get
50%
347go
50%
342go)
50%
339go
50%
352go)
50%
357go
50%
332go)
50%
329go
50%
322go)
50%
445gotta
50%
449here
50%
280He's
50%
291him
50%
331him
50%
321him
50%
292his
50%
271I'm
50%
419in
50%
272just
50%
281just
50%
444just
50%
428leave
50%
355let
50%
320(Let
50%
330(Let
50%
337let
50%
327let
50%
340(Let
50%
345let
50%
350(Let
50%
293life
50%
425love
50%
277loves
50%
341me
50%
351me
50%
278me
50%
426me
50%
416me
50%
429me
50%
296monstrosity
50%
4110my
50%
276nobody
50%
326not
50%
336not
50%
430Oh,
50%
448outta
50%
283poor
50%
274poor
50%
287poor
50%
447right
50%
240Scaramouche,
50%
241Scaramouche,
50%
234silhouetto
50%
410So
50%
420So
50%
290Spare
50%
418spit
50%
194the
50%
512the
50%
412think
50%
422think
50%
295this
50%
250Thunderbolt
50%
4210to
50%
511way
50%
193way
50%
324We
50%
334We
50%
335will
50%
325will
50%
513wind
50%
195wind
50%
413you
50%
421you
50%
338you
50%
328you
50%
423you
50%
411you
50%
392a
45%
483anyone
45%
395aside
45%
437baby!
45%
310Bismillah!
45%
484can
45%
432can't
45%
301come,
45%
393devil
45%
433do
45%
300Easy
45%
302easy
45%
3910for
45%
396for
45%
398for
45%
442get
45%
366go)
45%
308go?
45%
303go,
45%
317go
45%
441gotta
45%
391has
45%
440Just
45%
306let
45%
364let
45%
315let
45%
381mamma
45%
383mamma
45%
492matters
45%
502matters
45%
482matters,
45%
399me,
45%
504me
45%
365me
45%
307me
45%
3911me!
45%
436me,
45%
397me,
45%
382mia,
45%
384mia)
45%
363never
45%
311No,
45%
314not
45%
344not
45%
354not
45%
480Nothing
45%
490Nothing
45%
500Nothing
45%
443out,
45%
394put
45%
481really
45%
491really
45%
501really
45%
485see
45%
434this
45%
435to
45%
503to
45%
312we
45%
304will
45%
313will
45%
343Will
45%
353Will
45%
316you
45%
346you
45%
305you
45%
356you
45%
389go
40%
387let
40%
385Mamma
40%
388me
40%
386mia,
40%
360(Never,
40%
361never,
40%
362never,
40%
380(Oh,
40%
390Beelzebub
35%
375no,
35%
373no,
35%
371no,
35%
372no,
35%
374no,
35%
376no
35%
472ooh,
35%
460(Ooh)
35%
470(Ooh,
35%
471yeah,
35%
473yeah)
35%
370No,
30%
415stone
30%
270But
20%
367Ah
15%

Score Distribution

Percentile by Number Answered

Percent of People with Each Score

Your Score History

You have not taken this quiz